00329nam a22001097a 4500082002900000110002300029245007400052260003800126300001000164526003700174650000800211 a621.313bINScL-10, P-30 aEngineer-in-Charge aInstallation and care of electrical power plant. cEngineer-in-Charge aLondon,:bEmmott & Co, limitted.  a133p, a0b0c0d621_313000000000000_INS aMCE